Chương trình sơ cấp lý luận chính trị : Học phần triết học Mác - Lênin /
Saved in:
| Corporate Author: | |
|---|---|
| Format: | Book (Paper) |
| Language: | Vietnamese |
| Published: |
H. :
Chính trị Quốc gia,
2003
|
| Edition: | Tái bản |
| Subjects: | |
| Tags: |
Add Tag
No Tags, Be the first to tag this record!
|
| Institutions: | Thư viện Trường Đại học Đà Lạt |
|---|
| LEADER | 00826nam a2200301 4500 | ||
|---|---|---|---|
| 001 | DLU060051440 | ||
| 005 | ##20060308 | ||
| 040 | # | # | |a DLU |b vie |
| 041 | # | # | |a vie |
| 044 | # | # | |a vn |
| 082 | # | # | |a 335.401 |b BAN |
| 110 | # | # | |a Ban tư tưởng - văn hoá Trung ương |
| 245 | # | # | |a Chương trình sơ cấp lý luận chính trị : |b Học phần triết học Mác - Lênin / |c Ban tư tưởng - văn hoá Trung ương |
| 250 | # | # | |a Tái bản |
| 260 | # | # | |a H. : |b Chính trị Quốc gia, |c 2003 |
| 300 | # | # | |a 145 tr. ; |c 19 cm |
| 653 | # | # | |a Giáo trình |
| 653 | # | # | |a Triết học Mác - Lênin |
| 923 | # | # | |a 66/2005 |
| 992 | # | # | |a 10.500 |
| 994 | # | # | |a DLU |
| 900 | # | # | |a True |
| 911 | # | # | |a Đào Thị Thu Huyền |
| 925 | # | # | |a G |
| 926 | # | # | |a A |
| 927 | # | # | |a SH |
| 980 | # | # | |a Thư viện Trường Đại học Đà Lạt |